[Event "Paracin Open 2020"]
[Site "Paracin"]
[Date "2020.07.09"]
[Round "8.13"]
[White "Kisic, Jovan"]
[Black "Formento, Paolo"]
[Result "1/2-1/2"]
[WhiteElo "1903"]
[BlackElo "2294"]
[Annotator "ChessBase"]
[PlyCount "132"]
[EventDate "2020.07.03"]
[EventType "swiss"]
[EventCountry "SRB"]
[SourceTitle "playchess.com"]
[Source "ChessBase"]
[SourceQuality "1"]
[TimeControl "5400+30"]

1. g3 {[%emt 0:00:00]} d5 {[%emt 0:05:17]} 2. Nf3 {[%emt 0:00:15]} Nf6 {[%emt 0:01:58]} 3. Bg2 {[%emt 0:00:38]} c6 {[%emt 0:00:09]} 4. O-O {[%emt 0:00:38]} Bf5 {[%emt 0:00:08]} 5. d3 {[%emt 0:00:17]} h6 {[%emt 0:00:26]} 6. Nbd2 {[%emt 0:00:25]} e6 {[%emt 0:00:20]} 7. c4 {[%emt 0:00:19]} Be7 {[%emt 0:03:36]} 8. b3 {[%emt 0:00:27]} O-O {[%emt 0:01:01]} 9. Bb2 {[%emt 0:00:15]} Nbd7 {[%emt 0:00:28]} 10. Rc1 {[%emt 0:02:56]} a5 {[%emt 0:01:56]} 11. a3 {[%emt 0:03:03]} Bh7 {[%emt 0:00:44]} 12. Nb1 {[%emt 0:05:12]} Qb6 {[%emt 0:18:50]} 13. Nbd2 {[%emt 0:04:51]} Rfe8 {[%emt 0:06:37]} 14. cxd5 {[%emt 0:11:25]} exd5 {[%emt 0:03:07]} 15. Bh3 {[%emt 0:02:45]} a4 {[%emt 0:12:52]} 16. Rb1 {[%emt 0:06:01]} axb3 {[%emt 0:02:08]} 17. Bxf6 {[%emt 0:01:34]} Nxf6 {[%emt 0:00:11]} 18. Rxb3 {[%emt 0:00:15]} Qc7 {[%emt 0:06:03]} 19. Qc1 {[%emt 0:01:58]} Nd7 {[%emt 0:08:14]} 20. d4 {[%emt 0:04:19]} Bd6 {[%emt 0:02:31]} 21. e3 {[%emt 0:01:17]} Ra7 {[%emt 0:02:27]} 22. Qb2 {[%emt 0:03:05]} b5 {[%emt 0:02:12]} 23. Bxd7 {[%emt 0:03:29]} Qxd7 {[%emt 0:00:01]} 24. Ne5 {[%emt 0:00:18]} Bxe5 {[%emt 0:03:17]} 25. dxe5 {[%emt 0:00:07]} c5 {[%emt 0:07:02]} 26. Rc1 {[%emt 0:04:02]} c4 {[%emt 0:02:20]} 27. Rxb5 {[%emt 0:00:47]} Rxa3 {[%emt 0:02:43]} 28. Rb7 {[%emt 0:03:05]} Ra2 {[%emt 0:02:09]} 29. Rxd7 {[%emt 0:00:28]} Rxb2 {[%emt 0:00:02]} 30. Rxd5 {[%emt 0:00:10]} Ra8 {[%emt 0:05:31]} 31. Rxc4 {[%emt 0:00:48]} g5 {[%emt 0:00:34]} 32. Rcd4 {[%emt 0:00:57]} Ra1+ {[%emt 0:00:13]} 33. Kg2 {[%emt 0:00:05]} Raa2 {[%emt 0:00:47]} 34. Kf3 {[%emt 0:01:22]} Bf5 {[%emt 0:00:23]} 35. g4 {[%emt 0:00:58]} Bg6 {[%emt 0:00:35]} 36. Kg3 {[%emt 0:00:40]} Ra1 {[%emt 0:00:36]} 37. h3 {[%emt 0:01:53]} Rg1+ {[%emt 0:00:23]} 38. Kh2 {[%emt 0:00:06]} Rd1 {[%emt 0:00:14]} 39. f4 {[%emt 0:01:46]} gxf4 {[%emt 0:00:40]} 40. exf4 {[%emt 0:00:08]} Be4 {[%emt 0:00:43]} 41. Rxe4 {[%emt 0:00:23]} Rbxd2+ {[%emt 0:00:02]} 42. Rxd2 {[%emt 0:00:08]} Rxd2+ {[%emt 0:00:01]} 43. Kg3 {[%emt 0:00:10]} Rd3+ {[%emt 0:00:01]} 44. Kh4 {[%emt 0:00:05]} Rf3 {[%emt 0:00:30]} 45. f5 {[%emt 0:01:20]} Kf8 {[%emt 0:00:10]} 46. e6 {[%emt 0:00:33]} Ke7 {[%emt 0:00:27]} 47. exf7+ {[%emt 0:00:12]} Kxf7 {[%emt 0:00:01]} 48. Re6 {[%emt 0:00:07]} Kg7 {[%emt 0:00:01]} 49. Re7+ {[%emt 0:00:05]} Kg8 {[%emt 0:00:27]} 50. Ra7 {[%emt 0:00:09]} Rb3 {[%emt 0:00:58]} 51. Kh5 {[%emt 0:00:11]} Rb6 {[%emt 0:00:46]} 52. h4 {[%emt 0:00:13]} Rf6 {[%emt 0:01:03]} 53. g5 {[%emt 0:00:28]} hxg5 {[%emt 0:01:03]} 54. Kxg5 {[%emt 0:00:08]} Rb6 {[%emt 0:00:05]} 55. f6 {[%emt 0:00:06]} Rb1 {[%emt 0:00:41]} 56. Kh6 {[%emt 0:01:35]} Rf1 {[%emt 0:00:32]} 57. Kg6 {[%emt 0:06:47]} Rg1+ {[%emt 0:00:04]} 58. Kf5 {[%emt 0:00:09]} Rf1+ {[%emt 0:00:08]} 59. Ke6 {[%emt 0:00:03]} Re1+ {[%emt 0:00:06]} 60. Kd6 {[%emt 0:00:11]} Rd1+ {[%emt 0:00:24]} 61. Ke7 {[%emt 0:00:06]} Re1+ {[%emt 0:00:13]} 62. Kd8 {[%emt 0:00:20]} Kf8 {[%emt 0:00:55]} 63. h5 {[%emt 0:01:17]} Rd1+ {[%emt 0:00:35]} 64. Kc8 {[%emt 0:00:21]} Rc1+ {[%emt 0:01:06]} 65. Kb8 {[%emt 0:00:17]} Rb1+ {[%emt 0:00:12]} 66. Ka8 {[%emt 0:00:03]} Rb6 {[%emt 0:02:19]} 1/2-1/2

[Event "Paracin Open 2020"]
[Site "Paracin"]
[Date "2020.07.09"]
[Round "8.14"]
[White "Martic, Ivan"]
[Black "Srdanovic, Jovana"]
[Result "0-1"]
[WhiteElo "2386"]
[BlackElo "2070"]
[Annotator "TA"]
[PlyCount "80"]
[EventDate "2020.07.03"]
[EventType "swiss"]
[EventCountry "SRB"]
[SourceTitle "playchess.com"]
[Source "ChessBase"]
[SourceQuality "1"]

{[%evp 15,80,-5,-18,-21,-11,-24,-3,-13,-14,-24,-8,-52,-22,-22,2,-5,-5,-34,-37,-48,-9,-39,-61,-92,-49,-139,-94,-114,-105,-99,-19,-66,-35,-29,0,-79,-36,-77,-44,-101,-112,-112,-111,-104,-29,-171,-157,-450,-457,-385,-163,-153,-154,-266,-158,-166,-100,-280,-238,-232,-158,-500,-514,-739,-326,-728,-712]} 1. Nf3 Nf6 2. d3 d5 3. g3 g6 4. Bg2 Bg7 5. O-O O-O 6. Nbd2 Nc6 7. c4 e5 8. cxd5 Nxd5 9. a3 {A15: English Opening: 1...Nf6.} a5 10. Rb1 {[#]} Qd7 $146 ({Predecessor:} 10... h6 11. Ne4 b6 12. Bd2 Bb7 13. Nc3 Nce7 14. Qc2 c5 15. e4 Nc7 16. b4 Ba6 {0-1 (41) Habibi,A (2229)-Torok,S (2277) Eger 2016}) 11. Re1 {The position is equal.} b6 12. Ne4 Bb7 13. Bd2 Rad8 14. Nc3 Nce7 15. Qc2 c5 16. Rbd1 Bc6 17. Qb1 Qb7 18. Nxd5 Bxd5 19. Rc1 a4 20. h4 (20. Nh4 $15) 20... Nc6 21. Bc3 Nd4 {[%cal Rd4f3]} 22. e4 {[#]} Bb3 (22... Nxf3+ $1 $17 23. Bxf3 Be6) 23. Nxd4 cxd4 24. Bd2 Rc8 25. f4 (25. Bh3 $11) 25... Bh6 26. Rf1 Rxc1 27. Rxc1 (27. Bxc1 $15 Rc8 28. fxe5) 27... Qd7 $17 28. Rf1 Rc8 29. Rc1 exf4 ({Black should try} 29... Rc5 $17 {aiming for ...Qg4.} 30. Rxc5 bxc5) 30. gxf4 (30. Rxc8+ $1 $11 Qxc8 31. Qc1) 30... Re8 31. e5 $2 {[#]} (31. h5 $17 {might work better.}) 31... Qg4 $1 $19 {[%mdl 512] ( -> ...Bd5)} 32. Rf1 Qxh4 (32... Bd5 $142 {[%csl Gd5][%cal Rg4g2]} 33. Rf2 {[#]} Bxf4 $1 {[%mdl 512]} 34. Bxf4 Bxg2 {[%mdl 64] Overworked Piece} 35. Rxg2 Qxf4) 33. Qe1 Qg4 34. Qf2 (34. Qe4 $17 {was called for.}) 34... Bd5 (34... Rc8 $19 {And now ...Rc2 would win.} 35. Qf3 Qxf3 36. Rxf3 Rc2) 35. Kh2 $17 Qh5+ ({Black should play} 35... Bxg2 $19 36. Qxg2 Qe6) 36. Bh3 $2 (36. Kg3 $17 {was the only chance.} Be6 37. Qf3) 36... Be6 37. Qf3 Qh4 38. Be1 $2 {[#]} (38. Qg3 $17 {is a better chance.} Qh5 39. Rf2) 38... Bxf4+ $1 $19 {[%mdl 576] Deflection} 39. Qxf4 Qxh3+ {[%mdl 64] Double Attack} 40. Kg1 Bd5 {Accuracy: White = 46%, Black = 47%.} 0-1

[Event "Paracin Open 2020"]
[Site "Paracin"]
[Date "2020.07.09"]
[Round "8.15"]
[White "Tosic, Nebojsa"]
[Black "Abramovic, Bosko"]
[Result "0-1"]
[WhiteElo "2096"]
[BlackElo "2351"]
[Annotator "TA"]
[PlyCount "110"]
[EventDate "2020.07.03"]
[EventType "swiss"]
[EventCountry "SRB"]
[SourceTitle "playchess.com"]
[Source "ChessBase"]
[SourceQuality "1"]

{[%evp 11,110,30,52,32,47,34,28,24,26,8,13,14,45,4,11,-8,15,0,0,0,0,0,0,0,0,0,0,0,12,11,11,14,9,4,25,0,0,-52,-68,-56,-56,-47,-60,-59,-43,-50,-47,-366,-366,-362,-335,-360,-354,-353,-352,-379,-356,-626,-489,-480,-469,-448,-447,-425,-418,-391,0,-265,-240,-211,-80,-291,-291,-284,-279,-276,-272,-548,-590,-364,-360,-777,-700,-748,-709,-741,-387,-384,-384,-743,-738,-703,-632,-552,-384,-384,-384,-1181,-897,-29970,-29970]} 1. e4 c5 2. Nf3 Nc6 3. d4 cxd4 4. Nxd4 e6 5. Nc3 a6 6. Be2 d6 7. Nxc6 {B54: Sicilian: 2...d6 3 d4 cxd4 4 Nxd4, Unusual Lines .} bxc6 8. Bf4 e5 9. Be3 {White has an edge.} Nf6 10. O-O Be7 11. f4 {[#]} Nd7 $146 ({Predecessor:} 11... exf4 12. Rxf4 O-O 13. Kh1 Nd7 14. Bd3 Ne5 15. Qh5 Bg5 16. Raf1 g6 17. Qe2 Bxf4 18. Bxf4 Bg4 {0-1 (47) Lancheros Lancheros,W (1513)-Guerrero Forero,R (2157) Ubate 2017}) 12. Bc4 O-O 13. Qd2 a5 14. Rad1 a4 15. b3 axb3 16. cxb3 Ba6 17. Bxa6 Rxa6 18. f5 Nf6 19. Bg5 Qa5 20. Rf3 Rd8 21. Rd3 Raa8 22. h3 Kf8 23. Bxf6 Bxf6 24. Rxd6 (24. Kh2 $11) 24... Be7 $15 25. Rd3 Rxd3 $1 26. Qxd3 Rd8 27. Qg3 Rxd1+ 28. Nxd1 Qd2 $36 {[%mdl 2048] Black fights for an advantage.} 29. Qf3 $2 {[%mdl 8192] [#]} (29. Qg4 $1 $15) 29... Qe1+ $1 $19 ({Not} 29... Qxa2 30. Kh2 $15) 30. Kh2 Bc5 {( -> ...Bg1+)} 31. h4 Qxh4+ 32. Qh3 Qxe4 33. Qxh7 Bd4 34. a4 $2 (34. Qh8+ Ke7 35. Qh5) 34... Qg4 35. f6 gxf6 36. Qh6+ Ke7 37. Ne3 Qe4 38. Nf1 Qg4 $2 ({Black should play} 38... Qb1 $19 39. Ne3 Qe4) 39. Ng3 $2 {[%mdl 8192]} (39. Ne3 $11 Qe4 40. Nf1) 39... Bf2 40. Nh1 Be1 (40... Bb6 $19 {is more deadly. Threatens to win with ...e4.} 41. Ng3 e4) 41. Qc1 $2 (41. Qe3 $17 {only move.} Qb4 42. Nf2) 41... Qh4+ 42. Kg1 Qd4+ 43. Kh2 Bd2 44. Qc4 $2 (44. Qf1) 44... Qxc4 45. bxc4 {[%mdl 4096] Endgame KB-KN} f5 46. Kg1 $2 (46. Ng3 Ke6 47. Kg1) 46... f4 47. Kf1 f5 48. Nf2 Be3 {[#] And now ...Bxf2 would win.} 49. Nh3 Kd6 50. Ke2 $2 (50. Ng5 Kc5 51. Nf7) 50... Kc5 51. Ng5 Kxc4 52. Nf7 Kd5 53. a5 Ba7 54. Nd8 $2 (54. Nh8) 54... e4 55. a6 c5 {Accuracy: White = 46%, Black = 78%.} 0-1

[Event "Paracin Open 2020"]
[Site "Paracin"]
[Date "2020.07.09"]
[Round "8.16"]
[White "Ivic, Matija"]
[Black "Katic, Goran"]
[Result "1-0"]
[WhiteElo "2225"]
[BlackElo "1967"]
[Annotator "ChessBase"]
[PlyCount "103"]
[EventDate "2020.07.03"]
[EventType "swiss"]
[EventCountry "SRB"]
[SourceTitle "playchess.com"]
[Source "ChessBase"]
[SourceQuality "1"]
[TimeControl "5400+30"]

1. d4 {[%emt 0:00:00]} g6 {[%emt 0:04:24]} 2. c4 {[%emt 0:00:00]} Bg7 {[%emt 0:00:11]} 3. Nc3 {[%emt 0:00:00]} b6 {[%emt 0:04:36]} 4. e4 {[%emt 0:00:00]} Bb7 {[%emt 0:00:04]} 5. Bg5 {[%emt 0:00:30]} c5 {[%emt 0:01:40]} 6. d5 {[%emt 0:00:07]} d6 {[%emt 0:01:57]} 7. Qd2 {[%emt 0:00:45]} Nd7 {[%emt 0:01:01]} 8. f4 {[%emt 0:00:53]} f6 {[%emt 0:07:31]} 9. Bh4 {[%emt 0:00:07]} Nh6 {[%emt 0:00:12]} 10. Nf3 {[%emt 0:00:14]} Nf7 {[%emt 0:00:07]} 11. Bd3 {[%emt 0:00:18]} a6 {[%emt 0:00:27]} 12. O-O-O {[%emt 0:00:22]} Qc7 {[%emt 0:00:10]} 13. Kb1 {[%emt 0:00:43]} O-O-O {[%emt 0:00:11]} 14. Rhe1 {[%emt 0:00:05]} Rhe8 {[%emt 0:02:03]} 15. Bg3 {[%emt 0:00:21]} Kb8 {[%emt 0:07:39]} 16. Re2 {[%emt 0:00:15]} Ka7 {[%emt 0:00:08]} 17. Rde1 {[%emt 0:00:17]} Bc8 {[%emt 0:02:21]} 18. h3 {[%emt 0:01:24]} Bh6 19. Qc2 {[%emt 0:01:16]} Bg7 {[%emt 0:07:55]} 20. Bh2 {[%emt 0:00:19]} Bb7 {[%emt 0:00:48]} 21. Nd1 {[%emt 0:00:12]} e5 {[%emt 0:02:49]} 22. dxe6 {[%emt 0:00:20]} Rxe6 {[%emt 0:00:06]} 23. Nc3 {[%emt 0:00:04]} Re7 {[%emt 0:01:16]} 24. Qa4 {[%emt 0:03:07]} Qc6 {[%emt 0:08:46]} 25. Qa3 {[%emt 0:00:37]} Qc8 {[%emt 0:05:37]} 26. Nd2 {[%emt 0:01:32]} Kb8 {[%emt 0:03:31]} 27. Nf1 {[%emt 0:00:08]} Ree8 {[%emt 0:08:36]} 28. Ne3 {[%emt 0:00:44]} Ka7 {[%emt 0:03:52]} 29. g4 {[%emt 0:01:50]} Nf8 {[%emt 0:02:39]} 30. Ned5 {[%emt 0:00:32]} Bxd5 {[%emt 0:01:15]} 31. cxd5 {[%emt 0:00:07]} Nd7 {[%emt 0:01:50]} 32. Bb5 {[%emt 0:00:42]} Re7 {[%emt 0:00:33]} 33. Re3 {[%emt 0:00:57]} Nb8 {[%emt 0:00:58]} 34. Qa4 {[%emt 0:00:55]} Ka8 {[%emt 0:02:43]} 35. Bc6+ {[%emt 0:00:33]} Nxc6 {[%emt 0:01:50]} 36. dxc6 {[%emt 0:00:04]} b5 {[%emt 0:07:30]} 37. Nxb5 {[%emt 0:00:05]} Qxc6 {[%emt 0:00:15]} 38. Ra3 {[%emt 0:00:01]} Rb7 {[%emt 0:08:36]} 39. Qxa6+ {[%emt 0:00:05]} Qxa6 {[%emt 0:00:05]} 40. Rxa6+ {[%emt 0:00:02]} Kb8 {[%emt 0:00:06]} 41. a4 {[%emt 0:00:03]} Kc8 {[%emt 0:01:48]} 42. Rd1 {[%emt 0:00:08]} f5 {[%emt 0:00:53]} 43. gxf5 {[%emt 0:00:23]} gxf5 {[%emt 0:00:02]} 44. exf5 {[%emt 0:00:34]} Bf6 {[%emt 0:01:12]} 45. Bg1 {[%emt 0:00:16]} Rbd7 {[%emt 0:00:36]} 46. Bxc5 {[%emt 0:00:20]} Be7 {[%emt 0:01:21]} 47. Bd4 {[%emt 0:00:05]} Nh6 {[%emt 0:00:20]} 48. f6 {[%emt 0:00:06]} Bf8 {[%emt 0:00:05]} 49. Rc1+ {[%emt 0:00:10]} Kb8 {[%emt 0:00:16]} 50. Rcc6 {[%emt 0:00:04]} Nf5 {[%emt 0:00:35]} 51. Ba7+ {[%emt 0:00:06]} Kb7 52. Rcb6+ {[%emt 0:00:03]} 1-0

[Event "Paracin Open 2020"]
[Site "Paracin"]
[Date "2020.07.09"]
[Round "9.1"]
[White "Basso, Pier Luigi"]
[Black "Kosic, Dragan"]
[Result "1-0"]
[WhiteElo "2596"]
[BlackElo "2429"]
[Annotator "TA"]
[PlyCount "71"]
[EventDate "2020.07.03"]
[EventType "swiss"]
[EventCountry "SRB"]
[SourceTitle "playchess.com"]
[Source "ChessBase"]
[SourceQuality "1"]

{[%evp 10,71,23,29,22,20,20,25,45,40,47,47,46,43,63,63,94,94,105,39,108,95,114,103,128,115,106,85,94,87,127,89,97,92,86,81,153,147,142,147,143,143,139,148,144,143,261,261,283,185,185,185,181,188,272,247,295,294,289,287,285,281,536,525]} 1. d4 e6 2. c4 Bb4+ 3. Bd2 a5 4. a3 Bxd2+ 5. Qxd2 Nf6 6. Nf3 b6 {E11: Bogo-Indian.} 7. Nc3 Bb7 8. Qc2 O-O {White has an edge.} 9. e4 d6 10. Bd3 {[#]} h6 $146 ({Predecessor:} 10... e5 11. dxe5 dxe5 12. Nxe5 Re8 13. Nf3 Nbd7 14. O-O-O Ng4 15. Rhe1 Qe7 16. Nd5 Qd6 {1-0 (35) Parligras,M (2591)-Navrotescu,A (2284) Europe Chess INT 2020}) 11. Rd1 Qe7 12. O-O Nbd7 13. e5 Ne8 {Black wants to play ...Bxf3.} 14. Bh7+ Kh8 {aiming for ...Bxf3.} 15. Be4 c6 16. Qe2 Nc7 17. exd6 Qxd6 18. Rfe1 Rad8 19. Qe3 Ba6 20. Ne5 Nxe5 21. dxe5 Qxe5 22. Qxb6 {Black must now prevent Bd3.} Rxd1 (22... Bxc4 $142 23. Bd3 (23. Bxc6 Rxd1 24. Rxd1 Na6 $14) (23. Qxc6 Bb3 $11) 23... Qd4 24. Qxc6 Bxd3 25. Qxc7 a4) 23. Rxd1 $16 {Strongly threatening g3.} Bxc4 {[#]} 24. f4 $1 {[%cal Rf4e5][%mdl 64] Deflection} ({Much worse is} 24. Bxc6 $6 Na6 $14) (24. Qxc6 Bb5 $16) 24... Qxf4 {[#]} 25. Qc5 $1 $40 {[%cal Rc5f8][%mdl 704] Double Attack. White has strong attack.} Rb8 26. g3 ({Don't take} 26. Qxc4 $6 f5 $16) 26... Qg5 27. Qxc4 Nd5 (27... f5 $16) 28. Qxc6 $18 ({Inferior is} 28. Bxd5 Qe3+ 29. Kf1 cxd5 $11) 28... Qe3+ 29. Kh1 Nxc3 30. bxc3 f5 31. Bg2 Rb2 (31... Rb3 $142 32. Qa8+ Kh7) 32. Qf3 Qc5 33. h4 Kh7 34. Re1 Qc4 35. Qe3 Qg4 $2 (35... Ra2 {is a better defense.} 36. Qxe6 Qxe6 37. Rxe6 Rxa3) 36. Qxe6 {Accuracy: White = 89%, Black = 61%.} 1-0

[Event "Paracin Open 2020"]
[Site "Paracin"]
[Date "2020.07.09"]
[Round "9.2"]
[White "Mendonca, Leon Luke"]
[Black "Ivanovic, Marko"]
[Result "1/2-1/2"]
[WhiteElo "2452"]
[BlackElo "2267"]
[Annotator "TA"]
[PlyCount "43"]
[EventDate "2020.07.03"]
[EventType "swiss"]
[EventCountry "SRB"]
[SourceTitle "playchess.com"]
[Source "ChessBase"]
[SourceQuality "1"]

{[%evp 17,43,-4,0,-7,-2,-18,-14,-13,-3,-35,0,0,0,0,0,2,0,-2,-8,-17,-11,-11,-4,-12,-11,-15,33,-40]} 1. Nf3 Nf6 2. g3 b5 3. Bg2 Bb7 4. b3 e6 5. O-O Be7 6. Bb2 O-O 7. d3 d6 8. Nbd2 c5 9. c4 a6 10. e3 {A13: English Opening: 1...e6.} Qb6 {[#]} 11. Bc3 $146 ({Predecessor:} 11. Rc1) 11... Nc6 12. Qc2 {The position is equal.} Rac8 13. Rab1 Qa7 14. a3 Qa8 15. Qd1 Rfd8 16. Qe2 d5 17. Rfd1 d4 18. exd4 cxd4 19. Bb2 b4 20. axb4 Nxb4 21. Ba3 e5 22. Ne1 {A rather calm draw. Accuracy: White = 83%, Black = 81%.} ({Of course not} 22. Qxe5 Nc6 $17 {[%mdl 64] Discovered Attack}) ({Better is} 22. Ra1 $14) 1/2-1/2

[Event "Paracin Open 2020"]
[Site "Paracin"]
[Date "2020.07.09"]
[Round "9.3"]
[White "Stankovic, Milos"]
[Black "Ernst, Sipke"]
[Result "1/2-1/2"]
[WhiteElo "2454"]
[BlackElo "2540"]
[Annotator "TA"]
[PlyCount "41"]
[EventDate "2020.07.03"]
[EventType "swiss"]
[EventCountry "SRB"]
[SourceTitle "playchess.com"]
[Source "ChessBase"]
[SourceQuality "1"]

{[%evp 15,41,14,25,20,21,26,65,73,72,81,62,3,9,1,46,16,19,16,46,22,73,27,17,25,61,56,81,33]} 1. e4 e5 2. Nf3 Nc6 3. Bb5 a6 4. Ba4 Nf6 5. O-O Be7 6. Re1 b5 7. Bb3 d6 8. a4 b4 9. d4 {C90: Closed Ruy Lopez with 7...d6: Early deviations.} Bb7 10. c3 {[#]} a5 $146 ({Predecessor:} 10... bxc3 11. bxc3 Rb8 12. Nbd2 O-O 13. Nc4 Qe8 14. Ra2 Nd7 15. Ne3 Na5 16. Bc2 f6 {0-1 (35) Schmelter,T-Ochs,A Germany 1992}) 11. Nbd2 {White is slightly better.} bxc3 12. bxc3 {[#] And now Ng5 would win.} O-O 13. Nf1 (13. Rb1 $14) 13... exd4 $1 $11 14. cxd4 Nb4 15. Ng3 d5 16. exd5 Nbxd5 17. Bd2 Re8 (17... Bb4 $11 {remains equal.}) 18. Rc1 Ba3 19. Rb1 Bb4 20. Ne5 g6 21. Bc4 {Accuracy: White = 70%, Black = 50%.} 1/2-1/2

[Event "Paracin Open 2020"]
[Site "Paracin"]
[Date "2020.07.09"]
[Round "9.4"]
[White "Ratkovic, Miloje"]
[Black "Sredojevic, Ivan"]
[Result "1-0"]
[WhiteElo "2456"]
[BlackElo "2239"]
[Annotator "TA"]
[PlyCount "49"]
[EventDate "2020.07.03"]
[EventType "swiss"]
[EventCountry "SRB"]
[SourceTitle "playchess.com"]
[Source "ChessBase"]
[SourceQuality "1"]

{[%evp 22,49,2,0,72,90,176,171,179,186,235,258,252,266,572,500,1045,1004,1043,986,1818,1842,1663,1186,29988,29989,29989,29990,29990,29991]} 1. d4 Nf6 2. Nf3 e6 3. c4 d5 4. Nc3 Be7 5. cxd5 exd5 6. Bf4 c6 7. Qc2 O-O 8. e3 Nbd7 9. Bd3 Re8 10. h3 Nf8 11. O-O-O Be6 12. Kb1 {[#]} h6 $146 {D35: Queen's Gambit Declined: Exchange Variation.} (12... a5 $11) ({Predecessor:} 12... a5 13. g4 b5 14. Ne5 Rc8 15. g5 Nh5 16. Bh2 Bxg5 17. f4 Bh4 18. f5 Bd7 19. Rhg1 f6 20. Nxd7 Qxd7 {1-0 (45) Vidit,S (2513)-Savchenko,B (2609) Moscow 2012}) 13. g4 $16 b5 {[#]} (13... Rc8 $16 {might work better.}) 14. g5 $1 $18 {[%cal Rg5f6]} hxg5 {White is clearly better.} 15. Nxg5 Bd7 16. Rdg1 b4 17. Na4 Qa5 $2 (17... Ne4 {is a better chance.}) 18. Be5 Ne6 (18... Rec8 $142 19. Nc5 Qd8) 19. Nxe6 Bxe6 20. Nc5 {[%mdl 64] Overworked Piece} Bxc5 21. Bxf6 ({Worse is} 21. Qxc5 Qxc5 22. dxc5 Bf5 $11) 21... Bf8 22. Qe2 {Qh5! would kill now.} g6 {[#]} 23. Bxg6 $1 {[%mdl 512] White mates.} fxg6 24. Rxg6+ Kf7 {[#]} 25. Qh5 $1 {[%mdl 512] Black got outplayed after the opening. Accuracy: White = 93%, Black = 21%.} 1-0

[Event "Paracin Open 2020"]
[Site "Paracin"]
[Date "2020.07.09"]
[Round "9.5"]
[White "Pasti, Aron"]
[Black "Damjanovic, Vuk"]
[Result "1/2-1/2"]
[WhiteElo "2338"]
[BlackElo "2208"]
[Annotator "TA"]
[PlyCount "32"]
[EventDate "2020.07.03"]
[EventType "swiss"]
[EventCountry "SRB"]
[SourceTitle "playchess.com"]
[Source "ChessBase"]
[SourceQuality "1"]

{[%evp 16,32,9,15,4,0,0,-23,-3,-26,-12,-29,-14,-47,0,0,0,0,9]} 1. e4 c6 2. Nf3 d5 3. Nc3 dxe4 4. Nxe4 Nf6 5. Nxf6+ exf6 6. d4 Bd6 7. Bd3 O-O 8. O-O Bg4 9. h3 Bh5 {B15: Caro-Kann: 3 Nc3: 3...g6 and 3...dxe4 4 Nxe4 Nf6 5 Nxf6+ exf6.} 10. Be2 Re8 11. Be3 f5 {Black has an edge.} 12. Re1 Nd7 {[#]} 13. Nh2 $146 ({Predecessor:} 13. Qd3 Qf6 14. Qb3 Nb6 15. c3 h6 16. a4 Re7 17. Bd2 Rae8 18. Bd1 Rxe1+ 19. Nxe1 {½-½ (76) Sikora,J (2229)-Vojta,T (2384) Tatranske Zruby 2016}) 13... Bg6 14. Bh5 f4 15. Bd2 Qb6 16. Bxg6 hxg6 {Not much happened in this game.} 1/2-1/2

[Event "Paracin Open 2020"]
[Site "Paracin"]
[Date "2020.07.09"]
[Round "9.6"]
[White "Todorovic, Nenad I"]
[Black "Pastar, Slaven"]
[Result "1-0"]
[WhiteElo "2295"]
[BlackElo "2323"]
[Annotator "TA"]
[PlyCount "73"]
[EventDate "2020.07.03"]
[EventType "swiss"]
[EventCountry "SRB"]
[SourceTitle "playchess.com"]
[Source "ChessBase"]
[SourceQuality "1"]

{[%evp 12,73,0,-13,3,12,7,-22,4,13,8,0,22,-11,4,-3,-1,-28,-20,-40,0,-70,-63,-71,-70,-56,-71,-60,-58,-60,-45,-84,-95,-87,0,0,0,0,0,0,0,0,35,41,109,109,168,143,243,243,304,281,483,479,691,695,1652,1702,29992,29993,29996,29997,29998,29999]} 1. e4 e5 2. Nf3 Nc6 3. Bb5 Nf6 4. O-O Nxe4 5. d4 Nd6 6. dxe5 Nxb5 7. a4 {[#]} Nbd4 $1 {[%mdl 512] C67: Ruy Lopez: Berlin Defence: 4 0-0 Nxe4.} 8. Nxd4 d5 {is currently scoring better than 8...Nxd4. Played by Anish Giri in June 2020.} 9. Nc3 Nxd4 {The position is equal.} 10. Qxd4 c6 11. a5 Bf5 12. f4 h5 {[#]} 13. Rf2 $146 ({Predecessor:} 13. b4 Rh6 14. Be3 Rg6 15. Rf3 h4 16. Na4 Be7 17. Qd2 b6 18. Re1 d4 19. Bxd4 {0-1 (29) Bouzidi,A (2196)-Van Hoolandt,P (2211) Monastir 2013}) 13... Be7 14. Be3 O-O 15. Qd1 g6 16. Na4 ({White should try} 16. h3 $11) 16... Qxa5 $15 17. Nb6 {[#]} Qxa1 $1 {[%mdl 512]} 18. Qxa1 axb6 19. Qd1 Ra2 20. c3 Rfa8 {...Ra1 is the strong threat.} 21. Qd4 Bc5 22. Qd2 {[#]} R8a5 (22... Rxb2 $1 $17 {[%mdl 512]} 23. Qxb2 Bxe3) 23. Bxc5 $11 bxc5 24. h3 Rb5 25. Qe3 Kf8 26. Rd2 c4 27. Qf2 {[%mdl 1024] White has compensation.} Ke8 (27... Be4 $14) 28. Kh2 $1 $16 Kd7 {[#]} (28... Ra8 $16) 29. Kg3 $1 $18 Ra1 {[#]} (29... Be4 $16) 30. Kh4 $1 Rba5 31. Kg5 Ra8 $2 (31... Rh1 32. g4 (32. Qb6 Rb5 $16) 32... Be4) 32. g4 hxg4 (32... Be4 $142 33. Qb6 Kc8 34. gxh5 gxh5) 33. hxg4 Bd3 34. Qb6 R8a7 35. Rh2 {White mates.} f6+ 36. Kxf6 g5 37. Rh8 {Accuracy: White = 84%, Black = 45%.} 1-0